| 000 | 00000nas##2200000za#4500 |
|---|---|
| 001 | 9.514805 |
| 003 | CaOODSP |
| 005 | 20210615082915 |
| 007 | ta |
| 008 | 150406c2001||||xxc|| m #||||f| |0eng|d |
| 040 | |aCaOODSP|beng |
| 043 | |an-cn--- |
| 086 | 1 |aNE22-5E |
| 110 | 1 |aCanada. |bNational Energy Board. |
| 245 | 10|aDecision and order |
| 260 | |aCalgary - Alberta : |bNational Energy Board |
| 520 | 3 |aThese decisions and orders are by the National Energy Board, an independent tribunal with responsibilities for regulating the oil, gas, and electricity industries. The Board seeks to protect public safety, safeguard the environment, and promote economic efficiency. Its decisions affect the industry, energy consumers, and anyone who owns land or lives in the vicinity of pipeline and international power line rights-of-way. |
| 563 | |aSoftcover |
| 775 | 08|tDécision et ordonnance |w(CaOODSP)9.513159 |